000 00335nam a2200121Ia 4500
008 220217s9999||||xx |||||||||||||| ||und||
082 _a003 MAH
100 _aMaharajan, Manohar
245 0 _aOperation research
260 _aDhanpat rai publications
_bNew Delhi
_c2013
300 _aXI, 672p.
_b300
650 _aOPERATION RESEARCH
999 _c184821
_d184821